Visualizzazione normale
Vista MARC
- I. Visser
di Personal Name
Records bibliografici associati: 1
001 - CONTROL NUMBER
- control field: 34612
003 - CONTROL NUMBER IDENTIFIER
- control field: IT-RoPau
005 - DATE AND TIME OF LATEST TRANSACTION
- control field: 20150524113823.0
008 - FIXED-LENGTH DATA ELEMENTS
- fixed length control field: 150524|| aca||aabn | a|a d
040 ## - CATALOGING SOURCE
- Original cataloging agency: IT-RoPau
- Transcribing agency: IT-RoPau
100 ## - HEADING--PERSONAL NAME
- Personal name: I. Visser
670 ## - SOURCE DATA FOUND
- Source citation: Work cat.: (IT-RoPau)14130: Cornelius Damen 34610, Theologia moralis secundum doctrina S. Alfonsi de Ligorio doctoris Ecclesiae. Editio XVII quam paravit I. Visser...